Inovačné podnikanie a hodnotenie inovačného potenciálu podnikateľských sietí vedecká monografia

Guardado en:
Detalles Bibliográficos
Autor principal: Machová, Renáta
Autor Corporativo: Selye János Egyetem. Gazdaságtudományi Kar
Otros Autores: Mura, Ladislav, Korcsmáros, Enikö, Seres Huszárik, Erika, Buleca, Ján, Havierniková, Katarína, Šimo, Dušan, Ubrežiová, Iveta, Vetráková, Milota
Formato: Libro
Lenguaje:eslovaco
Publicado: Brno Tribun EU 2015
Edición:1. vyd.
Materias:
Etiquetas: Agregar Etiqueta
Sin Etiquetas, Sea el primero en etiquetar este registro!

MARC

LEADER 00000nam a2200000 4500
001 0213832
005 20240502083536.6
020 |a 978-80-263-0598-9 
041 0 |a slo 
044 |a CZ 
245 1 0 |a Inovačné podnikanie a hodnotenie inovačného potenciálu podnikateľských sietí  |b vedecká monografia  |c Renáta Machová ... [et al.] ; recenzenti: Dušan Šimo, Iveta Ubrežiová, Milota Vetráková 
250 |a 1. vyd. 
264 1 |a Brno  |b Tribun EU  |c 2015 
300 |a 219 s. [10,95 AH] 
610 2 0 |a podnikanie 
610 2 0 |a inovácia 
610 2 0 |a podnik 
610 2 0 |a prostredie podnikateľské 
610 2 0 |a siete podnikateľské 
610 2 0 |a konkurencieschopnosť 
610 2 0 |a financovanie 
610 2 0 |a zdroje finančné 
610 2 0 |a modelovanie 
100 1 |a Machová, Renáta 
700 1 |a Mura, Ladislav 
700 1 |a Korcsmáros, Enikö 
700 1 |a Seres Huszárik, Erika 
700 1 |a Buleca, Ján 
700 1 |a Havierniková, Katarína 
700 1 |a Šimo, Dušan 
700 1 |a Ubrežiová, Iveta 
700 1 |a Vetráková, Milota 
710 2 |a Selye János Egyetem. Gazdaságtudományi Kar